El Compostaje casero : guía del usuario / elaboración de contenidos: Òscar Huerta, Marga López ; coordinación: Área de Medio Ambiente de la Diputación de Barcelona guía del usuario / elaboración de contenidos:
Descripción Física:
27 p. : il. col. ; 21 cm
Otros Autores:
López Martínez, Marga
MARC
| LEADER | 00000nam a2200000Ia 4500 | ||
|---|---|---|---|
| 001 | 23187 | ||
| 008 | 160829s2010 xx 000 0 cat d | ||
| 080 | |a FU-59-44 | ||
| 100 | |a Huerta, Òscar |9 46440 | ||
| 245 | |a El Compostaje casero : |b guía del usuario / elaboración de contenidos: |b Òscar Huerta, Marga López ; coordinación: |b Área de Medio Ambiente de la Diputación de Barcelona | ||
| 260 | |a Barcelona : |b Diputació de Barcelona. Àrea de Medi Ambient, |c 2010 | ||
| 300 | |a 27 p. : |b il. col. ; |c 21 cm | ||
| 590 | |a Bibliografia. | ||
| 590 | |a Hi ha un exemplar en català amb R. 21834 | ||
| 650 | |a Residus orgànics (Adobs) |x Reciclatge |x Manuals, guies, etc. |9 46441 | ||
| 650 | |a Compostatge |x Manuals, guies, etc. |9 46442 | ||
| 700 | 1 | |a López Martínez, Marga |9 43413 | |
| 710 | |a Barcelona (Catalunya : Província). |b Àrea de Medi Ambient |9 52987 | ||
| 901 | |a Arxiu | ||
| 942 | |n 1 | ||
| 952 | |0 0 |1 0 |4 0 |6 FU5944 |7 1 |9 53220 |a Arxiu |b Arxiu |d 2016-12-01 |l 0 |o FU-59-44 |p 23187 |r 2016-12-01 00:00:00 |w 2016-12-01 |y ARXIU | ||
| 999 | |c 57069 |d 57069 | ||